000 00615nam a2200133Ia 4500
008 171212s9999 xx 000 0 und d
020 _a9780833042934
100 _aMcCarthy, Kevin F.;Hanson, Mark
245 _cMcCarthy, Kevin F.;Hanson, Mark
_aPost-Katrina Recovery of the Housing Market Along the Mississippi Gulf Coast
260 _bRAND Corporation
_c2008
650 _aHousing -- Mississippi -- Gulf Coast; Housing development -- Mississippi -- Gulf Coast; Hurricane Katrina, 2005 -- Economic aspects
650 _aManagement & Organizational Behavior
856 _uwww.jstor.org/stable/10.7249/tr511oa-mar-nar
999 _c352414
_d352414